Argentina Immigration by Country - Statistics

General Stats
  • This quiz has been taken 3,477 times
    1,495 since last reset
  • The average score is 17 of 20
Answer Stats
# People Country of Origin % Correct
106,023 Brazil
98%
209,449 Chile
97%
916,136 Paraguay
96%
127,813 Uruguay
96%
671,193 Bolivia
95%
118,687 Colombia
95%
68,748 Spain
95%
236,929 Venezuela
95%
291,181 Peru
94%
13,902 Mexico
93%
32,803 United States
93%
84,437 Italy
91%
7,888 Germany
88%
37,264 Ecuador
87%
9,953 France
84%
52,341 China
82%
6,896 Cuba
68%
14,248 Dominican Republic
54%
9,579 South Korea
41%
4,811 Ukraine
37%
No matching quizzes found
Score Distribution
Percent of People with Each Score
Percentile by Number Answered
Your Score History
You have not taken this quiz since the last reset